Profile: Dwight D. Eisenhower Quiz Stats

 Plays Quiz Updated Nov 3, 2017

Challenge
Share
Tweet
Embed
Score 0/22 Timer 04:00
0 Plays Today
Hint Answer % Correct
War Served InWorld War II
95.4%
Number of Presidential TermsTwo
95.2%
Political PartyRepublican Party
95.1%
War Served InWorld War I
94.4%
Military BranchArmy
93.7%
SuccessorJohn F. Kennedy
93.4%
Predecessor Harry S. Truman
93%
NicknameIke
89%
Played a lot of this sportGolf
86.8%
Vice PresidentRichard Nixon
82.1%
Middle NameDavid
81.9%
Hint Answer % Correct
Signed legislation to create this road systemInterstate Highway System
78.2%
Year Died1969
73.9%
ReligionPresbyterian
73.3%
Year Born1890
66.8%
SpouseMamie Doud Eisenhower
65.8%
Alma MaterUnited States Military Academy
60.7%
Died Due toHeart Failure
59%
State BornTexas
58.4%
Highest Military Rank (full answer required)General of the Army
51%
Supreme Court Appointments (name one)Earl Warren, John Marshall Harlan, William Brennan, Charles Evans Whittaker, Potter Stewart
45.9%
Children (name one)Doud Eisenhower, John Eisenhower
35.3%

You're not logged in!

Compare scores with friends on all Sporcle quizzes.
OR
Log In

You Might Also Like...

Show Comments

Extras

Top Quizzes Today


Score Distribution

Your Account Isn't Verified!

In order to create a playlist on Sporcle, you need to verify the email address you used during registration. Go to your Sporcle Settings to finish the process.

Report this User

Report this user for behavior that violates our Community Guidelines.

Details: